• 首页
  • 本馆介绍
  • 公告通知
  • 最新文献
  • 馆藏检索
  • 电子资源
  • 读者导购
  • 参考咨询
  • 我的图书馆
  • 登录
  • 详细信息显示
  • 放入我的书架
  • 预约/预借图书
  • 作者相关作品
  • 分类相关作品
  • 丛书相关作品
  • 出版社相关作品

书目信息

  • 表格格式
  • 工作单格式
  • 卡片格式
题名:
养生蔬果汁
    
 
作者: 都基成 主编
分册:  
出版信息: 南昌   江西科学技术出版社  2014
页数: 256页
开本: 25cm
丛书名:
单 册:
中图分类: TS275.54
科图分类:
主题词: 蔬菜--饮料--制作 , 果汁饮料--制作
电子资源:
ISBN: 978-7-5390-5021-8
000 01096nam0 2200229 450
001 2334286627
005 20231110094906.41
010    @a978-7-5390-5021-8@dCNY49.00
100    @a20140702d2014 em y0chiy50 ea
101 0  @achi
102    @aCN@b360000
105    @aa z 000yy
200 1  @a养生蔬果汁@Ayang sheng shu guo zhi@f都基成主编
210    @a南昌@c江西科学技术出版社@d2014
215    @a256页@c彩照@d25cm
330    @a本书共分为六部分,第一部分主要介绍在家自制蔬果汁所需的工具及喝蔬果汁的一些注意事项;第二部分主要介绍了自制蔬果汁最常选用的37种蔬果;第三部分介绍了12种保健蔬果汁,如消暑解渴蔬果汁、增强免疫力蔬果汁、健脑益智蔬果汁等;第四部分主要介绍了常见病调理蔬果汁,如感冒、咳嗽、便秘、口腔溃疡等;第五部分介绍的是适合全家人饮用的蔬果汁,有适宜老人、儿童、孕产妇等特殊人群饮用的蔬果汁;第六部分是专为爱美女性提供的蔬果汁,包括美白护肤蔬果汁、补血养颜蔬果汁、纤体瘦身蔬果汁、除皱祛斑蔬果汁。
606 0  @a蔬菜@x饮料@x制作
606 0  @a果汁饮料@x制作
690    @aTS275.54@v5
701  0 @a都基成@Adu ji cheng@4主编
801  0 @aCN@b安徽时代@c20230923
905    @aBZT@dTS275.54@e5
    
    养生蔬果汁/都基成主编.-南昌:江西科学技术出版社,2014
    256页:彩照;25cm
    
    
    ISBN 978-7-5390-5021-8:CNY49.00
    本书共分为六部分,第一部分主要介绍在家自制蔬果汁所需的工具及喝蔬果汁的一些注意事项;第二部分主要介绍了自制蔬果汁最常选用的37种蔬果;第三部分介绍了12种保健蔬果汁,如消暑解渴蔬果汁、增强免疫力蔬果汁、健脑益智蔬果汁等;第四部分主要介绍了常见病调理蔬果汁,如感冒、咳嗽、便秘、口腔溃疡等;第五部分介绍的是适合全家人饮用的蔬果汁,有适宜老人、儿童、孕产妇等特殊人群饮用的蔬果汁;第六部分是专为爱美女性提供的蔬果汁,包括美白护肤蔬果汁、补血养颜蔬果汁、纤体瘦身蔬果汁、除皱祛斑蔬果汁。
●
相关链接 在五车中查询图书 在当当中查询图书 在豆瓣中查询图书


正题名:养生蔬果汁     索取号:TS275.54/5         预约/预借

序号 登录号 条形码 馆藏地/架位号 状态 备注
1 2000937042   2000937042   第四书库/四28架A面3层1列/ [索取号:TS275.54/5] 在馆    
2 2000937043   2000937043   第四书库/四28架A面3层1列/ [索取号:TS275.54/5] 在馆    
3 2000937044   2000937044   第四书库/四28架A面3层1列/ [索取号:TS275.54/5] 在馆    
4 2000937045   2000937045   第四书库/四28架A面3层1列/ [索取号:TS275.54/5] 在馆    
5 2000937046   2000937046   第四书库/四28架A面3层1列/ [索取号:TS275.54/5] 在馆    
6 2000937047   2000937047   第四书库/四28架A面3层1列/ [索取号:TS275.54/5] 在馆    
山东省滨州职业学院图书馆 欢迎您!
大连网信软件有限公司© 版权所有